000 00757nam a2200193 i 4500
001 56504
003 ES-MaACL
005 20230906163403.0
007 t|
008 031009s1924 cu ||||1| spa d
100 1 _aDihigo y Mestre, Juan Miguel.
_944805
245 1 3 _aLa vida de la Academia de la Historia
_b: (1910-1924) /
_cmemoria leida por Juan Miguel Dihigo y Mestre y Pedro Figueredo. Discurso del académico de número coronel Fernando Figueredo.
260 _aLa Habana :
_b[s.n.,
_c1924] (
_fImp. El Siglo XX)
300 _a118 p. ;
_c28 cm.
610 2 4 _aAcademia de la Historia de Cuba-
_vMemorias.
_9158598
700 1 _aFigueredo, Fernando.
_950769
710 2 _aAcademia de la Historia de Cuba.
_91183
852 _aES-MaACL
_j1683-F-2
_bR.5066
999 _c56504
_d56504